[Event "Frankfurt Ch 2010"]
[Site "Ffm-Kalbach, LAZ"]
[Date "2010.06.14"]
[Round "7.25"]
[White "Syed, Tareq"]
[Black "Hillgärtner, Walter"]
[Result "1/2-1/2"]
[WhiteElo "2112"]
[BlackElo "1946"]
[PlyCount "73"]
[EventDate "2010.??.??"]
[SourceDate "2009.03.13"]
[WhiteTeam "SC Brett vor'm Kopp Ffm"]
[BlackTeam "SC Bad Nauheim"]

1. e4 c5 2. d3 Nc6 3. g3 d6 4. Bg2 g6 5. f4 Bg7 6. Nh3 Rb8 7. Nf2 e6 8. c3 Nge7
9. g4 f5 10. h4 Bd7 11. h5 b5 12. h6 Bf8 13. g5 Nc8 14. Nd2 Be7 15. Nf3 Nb6 16.
exf5 exf5 17. O-O Qc8 18. d4 O-O 19. Re1 Rf7 20. dxc5 dxc5 21. Nd3 Bf8 22. Nde5
Re7 23. b3 Qe8 24. Bb2 Rd8 25. Qc1 Re6 26. Bf1 Nxe5 27. Nxe5 c4 28. bxc4 Bc5+
29. Kh2 bxc4 30. Nxc4 Nd5 31. Ne5 Rb8 32. Rb1 Bd6 33. Bc4 Bc6 34. Bxd5 Bxd5 35.
c4 Be4 36. Qc3 Bxe5 37. fxe5 1/2-1/2

[Event "Frankfurt Ch 2010"]
[Site "Ffm-Kalbach, LAZ"]
[Date "2010.06.14"]
[Round "7.26"]
[White "Ellrich, Jochen"]
[Black "Hitzer, Dieter"]
[Result "1/2-1/2"]
[WhiteElo "2080"]
[BlackElo "1799"]
[PlyCount "42"]
[EventDate "2010.??.??"]
[SourceDate "2009.03.13"]
[WhiteTeam "SK Bad Homburg 1927"]
[BlackTeam "Bad Vilbeler Sfr.1985"]

1. d4 Nf6 2. Nc3 d5 3. Bg5 c5 4. Bxf6 gxf6 5. e3 e6 6. Nf3 Nc6 7. Be2 Bd7 8. e4
cxd4 9. Nxd4 Qb6 10. Nxc6 bxc6 11. O-O Bd6 12. Bf3 Qxb2 13. Qd3 Be5 14. Na4 Qb5
15. Qa3 Bxa1 16. Rxa1 Rb8 17. Qd6 Qb1+ 18. Bd1 Qxa1 19. Qxb8+ Ke7 20. Qb4+ Ke8
21. Qb8+ Ke7 1/2-1/2

[Event "Frankfurt Ch 2010"]
[Site "Ffm-Kalbach, LAZ"]
[Date "2010.06.14"]
[Round "7.27"]
[White "Fröhlich-Dill, Astrid"]
[Black "Henzner, Reiner"]
[Result "0-1"]
[WhiteElo "1910"]
[BlackElo "2082"]
[PlyCount "105"]
[EventDate "2010.??.??"]
[SourceDate "2009.03.13"]
[WhiteTeam "SV 1920 Hofheim"]
[BlackTeam "SV Oberursel"]

1. d4 Nf6 2. c4 g6 3. Nc3 d5 4. cxd5 Nxd5 5. e4 Nxc3 6. bxc3 Bg7 7. Bc4 O-O 8.
Ne2 Qd7 9. O-O b6 10. Be3 Bb7 11. f3 Nc6 12. Qc2 Na5 13. Bd3 Rad8 14. Rad1 Qe6
15. Nf4 Qc8 16. Qf2 e5 17. Nh3 Ba6 18. Bxa6 Qxa6 19. Qh4 exd4 20. cxd4 Qc4 21.
d5 Qxa2 22. Bg5 Rd7 23. Bf6 Bxf6 24. Qxf6 Qa3 25. Nf4 Qc5+ 26. Kh1 Qe7 27. Qc3
Re8 28. Rfe1 Qe5 29. Qe3 Nc4 30. Qc1 b5 31. Nd3 Qd6 32. Qb1 Qb6 33. Rc1 a5 34.
Nb2 Na3 35. Qd3 b4 36. Qb3 Qb5 37. Na4 Ra8 38. Rc5 Qa6 39. Rc6 Qb5 40. h3 Qb8
41. Nc5 Re7 42. e5 Nb5 43. Re4 Nc3 44. d6 cxd6 45. exd6 Nxe4 46. dxe7 Nxc5 47.
Rxc5 a4 48. Qd5 b3 49. Rb5 Qe8 50. Qe5 a3 51. Rxb3 a2 52. Qa1 Qxe7 53. Rb2 0-1

[Event "Frankfurt Ch 2010"]
[Site "Ffm-Kalbach, LAZ"]
[Date "2010.06.14"]
[Round "7.28"]
[White "Henzelmann, Klaus"]
[Black "Barisch, Florian"]
[Result "1/2-1/2"]
[WhiteElo "2101"]
[BlackElo "1932"]
[PlyCount "105"]
[EventDate "2010.??.??"]
[SourceDate "2009.03.13"]
[WhiteTeam "SK 1858 Gießen"]
[BlackTeam "SV 1934 Ffm-Griesheim"]

1. e4 e6 2. d3 d5 3. Nd2 c5 4. Ngf3 Nc6 5. g3 Nf6 6. Bg2 Be7 7. O-O O-O 8. Re1
Qc7 9. Nf1 dxe4 10. dxe4 b6 11. Qe2 Bb7 12. e5 Nd7 13. c3 Rfd8 14. Bf4 a6 15.
Rad1 Nf8 16. Rxd8 Rxd8 17. Bg5 Ng6 18. Bxe7 Qxe7 19. h4 Qc7 20. h5 Nge7 21.
N1h2 Qd7 22. Bf1 b5 23. h6 Qd5 24. hxg7 Kxg7 25. b3 c4 26. bxc4 bxc4 27. Qe3 h6
28. Qf4 Ng8 29. Bxc4 Qc5 30. Rc1 Nce7 31. Bf1 Ng6 32. Qb4 Qc7 33. Re1 N8e7 34.
c4 Nf5 35. Bg2 Ba8 36. c5 Rb8 37. Qc3 Nfe7 38. Ng4 Nd5 39. Qc1 Rh8 40. Ne3 Nxe3
41. Qxe3 Rc8 42. Rc1 Kh7 43. c6 Ne7 44. Nd4 Kg7 45. f4 Qa5 46. a3 Qa4 47. g4
Nxc6 48. Nxc6 Bxc6 49. f5 Qxg4 50. Rxc6 Rxc6 51. f6+ Kh7 52. Qe4+ Qxe4 53.
Bxe4+ 1/2-1/2

[Event "Frankfurt Ch 2010"]
[Site "Ffm-Kalbach, LAZ"]
[Date "2010.06.14"]
[Round "7.29"]
[White "Abrahamyan, Arsen"]
[Black "Ganjian, Mehrdad"]
[Result "1/2-1/2"]
[WhiteElo "1664"]
[BlackElo "1890"]
[PlyCount "125"]
[EventDate "2010.??.??"]
[SourceDate "2009.03.13"]
[WhiteTeam "Frankfurter TV 1860"]
[BlackTeam "Sfr. Frankfurt 1921"]

1. e4 d6 2. d4 g6 3. Nc3 Bg7 4. Nf3 Nf6 5. Bc4 O-O 6. O-O a6 7. a4 Nc6 8. Qe2
e5 9. dxe5 dxe5 10. Rd1 Qe8 11. Bg5 Bg4 12. Bxf6 Bxf6 13. Nd5 Bd8 14. c3 Rc8
15. Rd2 Kg7 16. h3 Be6 17. Rad1 Na5 18. Ne3 Nxc4 19. Nxc4 f6 20. Na5 Rb8 21.
Nxb7 Be7 22. Na5 Qxa4 23. b4 Rb6 24. Qf1 c5 25. Ra1 Qb5 26. Qxb5 axb5 27. bxc5
Bxc5 28. Rb1 Rfb8 29. Nb3 Ba3 30. Ra2 Bf8 31. Ra7+ Kg8 32. Nbd2 Rc8 33. Ra5
Rcb8 34. Kf1 b4 35. cxb4 Bxb4 36. Ra4 Bd7 37. Ra7 Bb5+ 38. Kg1 Bd6 39. Ra5 h6
40. Rb2 h5 41. Nh4 Kg7 42. Ra7+ Kh6 43. Rf7 Bc5 44. Rc7 Bd4 45. Rb4 Ra8 46. Nb3
Bd3 47. Rxb6 Bxb6 48. Rc6 Bd8 49. Nd2 Bb5 50. Rd6 Be7 51. Rb6 Bd3 52. Kh2 Rf8
53. Re6 Bb4 54. Nhf3 Be2 55. Rc6 Rf7 56. Kg3 Kg7 57. Rb6 Ba5 58. Rd6 g5 59. Nb3
Bb4 60. Rb6 Ba3 61. Rc6 Bd3 62. Nbd2 Rd7 63. Rc3 1/2-1/2

[Event "Frankfurt Ch 2010"]
[Site "Ffm-Kalbach, LAZ"]
[Date "2010.06.14"]
[Round "7.30"]
[White "Biegel, Thomas"]
[Black "Haftmann, Rainer"]
[Result "1-0"]
[WhiteElo "2021"]
[BlackElo "1881"]
[PlyCount "107"]
[EventDate "2010.??.??"]
[SourceDate "2009.03.13"]
[WhiteTeam "SC Eschborn 1974"]
[BlackTeam "SG 1945 Dietzenbach"]

1. d4 Nf6 2. c4 e6 3. g3 d5 4. Bg2 c6 5. Nf3 Nbd7 6. Nbd2 Bd6 7. O-O O-O 8. Qc2
e5 9. cxd5 cxd5 10. dxe5 Nxe5 11. Nxe5 Bxe5 12. Nf3 Bd6 13. Rd1 h6 14. Be3 Bd7
15. Qb3 b6 16. Bd4 Be6 17. Bxf6 Qxf6 18. Nd4 Bc5 19. e3 Bxd4 20. Rxd4 Rad8 21.
Qa4 Qe7 22. Rad1 Qc5 23. h3 b5 24. Qb4 Rc8 25. Qxc5 Rxc5 26. g4 Rc2 27. Rb4 Rc5
28. a3 a5 29. Rbd4 Rc2 30. R1d2 Rxd2 31. Rxd2 Rd8 32. Rd4 Rd7 33. b4 a4 34. Bf1
Rb7 35. Rd1 Kf8 36. Rc1 f5 37. gxf5 Bxf5 38. Rc5 Be6 39. h4 Ke7 40. Bxb5 Kd6
41. Kg2 g5 42. hxg5 hxg5 43. Bd3 Bd7 44. e4 dxe4 45. Bxe4 Rc7 46. Rd5+ Ke7 47.
Rxg5 Rc3 48. Rg3 Rb3 49. Bc2 Rb2 50. Rc3 Kd6 51. Kf3 Be6 52. Bxa4 Bd5+ 53. Ke3
Ke5 54. Bc2 1-0

[Event "Frankfurt Ch 2010"]
[Site "Ffm-Kalbach, LAZ"]
[Date "2010.06.14"]
[Round "7.31"]
[White "Czech, Ludwig"]
[Black "Wolff, Juergen"]
[Result "1-0"]
[WhiteElo "2160"]
[BlackElo "1696"]
[PlyCount "93"]
[EventDate "2010.??.??"]
[SourceDate "2009.03.13"]
[WhiteTeam "VSG 1880 Offenbach"]
[BlackTeam "SC 1933 Somborn"]

1. c4 c5 2. g3 g6 3. Bg2 Bg7 4. Nc3 Nc6 5. a3 a5 6. e4 e5 7. Nge2 Nge7 8. O-O
O-O 9. d3 d6 10. Rb1 Be6 11. Nd5 Rb8 12. a4 Nb4 13. Bg5 f6 14. Nxe7+ Qxe7 15.
Be3 Nc6 16. Qd2 Qd7 17. b3 Rf7 18. f4 Rbf8 19. Rf2 Kh8 20. Rbf1 f5 21. Kh1 b6
22. Re1 Nb4 23. Nc3 Qd8 24. Nd5 Nxd5 25. exd5 Bc8 26. fxe5 dxe5 27. Ref1 Qd6
28. Qc1 Bf6 29. Bh6 Re8 30. Bd2 Kg7 31. Bh6+ Kh8 32. Bd2 Kg7 33. Bh6+ Kh8 34.
Be3 Bb7 35. Bd2 Kg7 36. Bh6+ Kh8 37. Be3 Kg7 38. Re1 Bd8 39. d4 Bf6 40. dxe5
Bxe5 41. Bd2 Rfe7 42. Rfe2 Kg8 43. Bg5 Bf6 44. Rxe7 Rxe7 45. Bf4 Be5 46. Qe3
Kf7 47. Bxe5 1-0

[Event "Frankfurt Ch 2010"]
[Site "Ffm-Kalbach, LAZ"]
[Date "2010.06.14"]
[Round "7.32"]
[White "Krischak, Werner"]
[Black "Schneider, Uwe"]
[Result "0-1"]
[WhiteElo "1827"]
[BlackElo "2011"]
[PlyCount "40"]
[EventDate "2010.??.??"]
[SourceDate "2009.03.13"]
[WhiteTeam "SK Marburg 1931/72"]
[BlackTeam "SV Kinzigtal"]

1. d4 f5 2. g3 Nf6 3. Bg2 e6 4. Nf3 Be7 5. O-O O-O 6. c4 d5 7. Nc3 Ne4 8. cxd5
exd5 9. Qb3 c6 10. Ne5 Qb6 11. e3 Qxb3 12. axb3 Be6 13. f3 Nf6 14. Nd3 Na6 15.
Na4 Bd6 16. Bd2 Nc7 17. b4 Nb5 18. Nac5 Bc8 19. Rfe1 Re8 20. Re2 Nxd4 0-1

[Event "Frankfurt Ch 2010"]
[Site "Ffm-Kalbach, LAZ"]
[Date "2010.06.14"]
[Round "7.33"]
[White "Kolker, Vladislav"]
[Black "Bittner, Peter"]
[Result "1-0"]
[WhiteElo "2111"]
[BlackElo "1967"]
[PlyCount "111"]
[EventDate "2010.??.??"]
[SourceDate "2009.03.13"]
[WhiteTeam "Sfr.1891 Friedberg"]
[BlackTeam "SC Brett vor'm Kopp Ffm"]

1. e4 c5 2. Nf3 Nc6 3. d4 cxd4 4. Nxd4 e6 5. Nc3 a6 6. a3 Be7 7. Be3 Nf6 8. Bd3
O-O 9. f4 d6 10. Qf3 Bd7 11. O-O Rc8 12. Nb3 Kh8 13. Qh3 e5 14. f5 Rg8 15. g4
g5 16. Rf2 Qf8 17. Rg2 Qg7 18. Nd2 Nd4 19. Nf3 Nxf3+ 20. Qxf3 Bc6 21. Rd1 Rcd8
22. Bc4 b5 23. Bb3 Qf8 24. h4 Ne8 25. Bd5 Bxd5 26. Nxd5 gxh4 27. f6 Nxf6 28.
Nxf6 Rg6 29. g5 Qg7 30. Rf1 Bxf6 31. gxf6 Rxg2+ 32. Qxg2 Qxg2+ 33. Kxg2 Rg8+
34. Kh2 h5 35. Rg1 Rg4 36. Rxg4 hxg4 37. Bg5 h3 38. Bd2 Kh7 39. Bb4 Kg6 40.
Bxd6 Kxf6 41. Kg3 Ke6 42. Bc5 f5 43. exf5+ Kxf5 44. Bg1 a5 45. Bh2 e4 46. Kf2
Ke6 47. Ke3 Kf5 48. Bg3 b4 49. a4 Ke6 50. Kxe4 Kd7 51. Kf5 Kc6 52. Kxg4 Kc5 53.
Kxh3 Kc4 54. Bc7 b3 55. Bxa5 bxc2 56. Bd2 1-0

[Event "Frankfurt Ch 2010"]
[Site "Ffm-Kalbach, LAZ"]
[Date "2010.06.14"]
[Round "7.34"]
[White "Wagner, Dirk"]
[Black "Bender, Manfred"]
[Result "1-0"]
[WhiteElo "1935"]
[BlackElo "1821"]
[PlyCount "83"]
[EventDate "2010.??.??"]
[SourceDate "2009.03.13"]
[WhiteTeam "Sfr. Frankfurt 1921"]
[BlackTeam "Sfr. Taunus"]

1. d4 d5 2. c4 c6 3. Nf3 Nf6 4. Nc3 e6 5. e3 Bb4 6. a3 Ba5 7. b4 Bc7 8. Bb2
Nbd7 9. Be2 O-O 10. Qc2 dxc4 11. Bxc4 e5 12. O-O-O Qe8 13. d5 Nb6 14. Bb3 Bg4
15. d6 Bd8 16. e4 Nbd7 17. h3 Be6 18. g4 a6 19. Kb1 c5 20. g5 Nh5 21. Nd5 Rc8
22. Rc1 b5 23. bxc5 Nxc5 24. Nc7 Bxb3 25. Qxc5 Bxc7 26. dxc7 Nf4 27. Qxe5 Qxe5
28. Bxe5 Nd3 29. Rc3 Bc4 30. Bg3 Nc5 31. Nd2 Na4 32. Re3 Be6 33. h4 f5 34. Bd6
Rf7 35. e5 f4 36. Ree1 a5 37. Ka1 Rd7 38. Rc1 b4 39. Rhe1 Nc3 40. Ne4 Nb5 41.
Nc5 Nd4 42. Re4 1-0

[Event "Frankfurt Ch 2010"]
[Site "Ffm-Kalbach, LAZ"]
[Date "2010.06.14"]
[Round "7.35"]
[White "Jordake, Michael"]
[Black "Roccasalvo, Giuseppe"]
[Result "0-1"]
[WhiteElo "1643"]
[BlackElo "1854"]
[PlyCount "66"]
[EventDate "2010.??.??"]
[SourceDate "2009.03.13"]
[WhiteTeam "SC Bergen-Enkheim 1922"]
[BlackTeam "SF Plochingen"]

1. e4 Nf6 2. Nc3 d5 3. exd5 Nxd5 4. Bc4 c6 5. Qf3 Be6 6. Bxd5 Bxd5 7. Nxd5 cxd5
8. d4 e6 9. Qb3 Qa5+ 10. Bd2 Qa6 11. Ne2 Nc6 12. a4 Qxe2+ 13. Kxe2 Nxd4+ 14.
Kd3 Nxb3 15. cxb3 Bd6 16. Rac1 Kd7 17. g3 Rhc8 18. f4 f6 19. Rhe1 Rxc1 20. Rxc1
e5 21. fxe5 fxe5 22. Rf1 Ke6 23. b4 Rc8 24. b3 e4+ 25. Ke3 Rc2 26. Rc1 Rxc1 27.
Bxc1 Bxb4 28. Bb2 Bc5+ 29. Ke2 g6 30. g4 Bd6 31. h3 Be5 32. Ba3 d4 33. Bb4 Kd5
0-1

[Event "Frankfurt Ch 2010"]
[Site "Ffm-Kalbach, LAZ"]
[Date "2010.06.14"]
[Round "7.36"]
[White "Mager, Denis"]
[Black "Cors, Heinz-Friedrich"]
[Result "1-0"]
[WhiteElo "1538"]
[BlackElo "1959"]
[PlyCount "54"]
[EventDate "2010.??.??"]
[SourceDate "2009.03.13"]
[WhiteTeam "TuS Makkabi Ffm"]
[BlackTeam "SV Schachf.Darmstadt 1994"]

1. Nf3 Nf6 2. c4 e6 3. Nc3 Bb4 4. a3 Be7 5. d4 b6 6. e4 d5 7. e5 Ne4 8. Bd3
Nxc3 9. bxc3 dxc4 10. Bxc4 O-O 11. Bb3 Bb7 12. Qd3 c5 13. Bc2 g6 14. Bh6 Re8
15. h4 cxd4 16. cxd4 Bxf3 17. gxf3 Nc6 18. Rd1 Rc8 19. Bb1 Bxh4 20. f4 Be7 21.
Qh3 Nxd4 22. f5 Qd5 23. Be3 Nf3+ 24. Ke2 Ng1+ 25. Rhxg1 Qb5+ 26. Bd3 Qxe5 27.
fxg6 h5 1-0

[Event "Frankfurt Ch 2010"]
[Site "Ffm-Kalbach, LAZ"]
[Date "2010.06.14"]
[Round "7.37"]
[White "Wehhofer, Josef"]
[Black "Goldt, Rainer"]
[Result "0-1"]
[WhiteElo "1598"]
[BlackElo "1824"]
[PlyCount "55"]
[EventDate "2010.??.??"]
[SourceDate "2009.03.13"]
[WhiteTeam "vereinslos"]
[BlackTeam "Kreuznacher SV 1921"]

1. e4 c6 2. c4 d5 3. cxd5 cxd5 4. Bb5+ Bd7 5. Qa4 dxe4 6. Bxd7+ Qxd7 7. Qxe4
Nf6 8. Qe2 Qc6 9. Nc3 Qxg2 10. Qf3 Qxf3 11. Nxf3 Nc6 12. a3 e6 13. Rg1 Rd8 14.
d4 Nxd4 15. Nxd4 Rxd4 16. Be3 Rd7 17. Bxa7 g6 18. Na4 b5 19. Nc3 Rxa7 20. Nxb5
Rb7 21. a4 Bb4+ 22. Ke2 O-O 23. Rgd1 Rc8 24. Rd4 Nd5 25. Kd3 Rd7 26. a5 e5 27.
a6 exd4 28. Ra4 0-1

[Event "Frankfurt Ch 2010"]
[Site "Ffm-Kalbach, LAZ"]
[Date "2010.06.14"]
[Round "7.38"]
[White "Lanz, Jürgen"]
[Black "Funkschmidt, Kai Michael"]
[Result "0-1"]
[WhiteElo "1553"]
[BlackElo "1821"]
[PlyCount "66"]
[EventDate "2010.??.??"]
[SourceDate "2009.03.13"]
[WhiteTeam "SC 1979 Hattersheim"]
[BlackTeam "SC Empor Maulwurf Bonn"]

1. d4 f5 2. e4 fxe4 3. Nc3 Nf6 4. Bg5 g6 5. Bxf6 exf6 6. Nxe4 Qe7 7. Qe2 Bg7 8.
Ng3 Nc6 9. Qxe7+ Nxe7 10. Bc4 d5 11. Bd3 Bh6 12. Nf3 Bg4 13. Nh4 Bg5 14. h3
Bxh4 15. hxg4 Bxg3 16. fxg3 Kf7 17. Kd2 Kg7 18. b4 Rae8 19. b5 Nc8 20. a4 Nd6
21. Rhe1 Ne4+ 22. Bxe4 Rxe4 23. Rxe4 dxe4 24. Ke3 Re8 25. c4 h5 26. a5 hxg4 27.
c5 f5 28. d5 Kf6 29. Rd1 Ke5 30. b6 axb6 31. cxb6 cxb6 32. axb6 Rc8 33. d6 Rd8
0-1

[Event "Frankfurt Ch 2010"]
[Site "Ffm-Kalbach, LAZ"]
[Date "2010.06.14"]
[Round "7.39"]
[White "Kripfganz, Sebastian"]
[Black "Richter, Wolfram"]
[Result "1-0"]
[WhiteElo "2002"]
[BlackElo "1560"]
[PlyCount "107"]
[EventDate "2010.??.??"]
[SourceDate "2009.03.13"]
[WhiteTeam "SG Turm Leipzig"]
[BlackTeam "SK Bad Sooden-Allendorf"]

1. c4 Nf6 2. g3 g6 3. Bg2 Bg7 4. Nc3 e5 5. Nf3 d6 6. O-O c6 7. Rb1 Bg4 8. b4 e4
9. Ne1 d5 10. b5 Qe7 11. bxc6 bxc6 12. cxd5 cxd5 13. Qb3 Qd7 14. Ba3 Nc6 15.
Nc2 Rc8 16. f3 exf3 17. Bxf3 Be6 18. Nb5 Bf8 19. Rbc1 Rb8 20. Bxf8 Kxf8 21. Qc3
Kg7 22. Bxd5 Qxd5 23. Qxf6+ Kg8 24. Nc7 Qd7 25. Nxe6 Qxe6 26. Qxe6 fxe6 27. Rf6
Nd8 28. Nd4 Kg7 29. Rff1 Re8 30. Rb1 Rc8 31. Rfc1 Rxc1+ 32. Rxc1 Re7 33. e3 Rd7
34. Rc2 Kf6 35. Kf2 Rd5 36. Ke2 Rh5 37. h4 g5 38. hxg5+ Rxg5 39. Kf3 Nf7 40.
Rc7 Ne5+ 41. Kg2 a5 42. Rxh7 Rg6 43. Nf3 Nc4 44. Rh4 Nd6 45. Rf4+ Ke7 46. Ra4
Nf5 47. g4 Nh6 48. g5 Nf7 49. Rxa5 e5 50. Ra7+ Kf8 51. a4 Nxg5 52. Nxg5 Rxg5+
53. Kf3 Rh5 54. Ke4 1-0

[Event "Frankfurt Ch 2010"]
[Site "Ffm-Kalbach, LAZ"]
[Date "2010.06.14"]
[Round "7.40"]
[White "Steiz, Johann"]
[Black "Fischer, Ulrich"]
[Result "1/2-1/2"]
[WhiteElo "1593"]
[BlackElo "1727"]
[PlyCount "36"]
[EventDate "2010.??.??"]
[SourceDate "2009.03.13"]
[WhiteTeam "ESV Grossenbaum 1973"]
[BlackTeam "Frankfurter TV 1860"]

1. d4 d5 2. c4 e6 3. Nc3 c5 4. cxd5 exd5 5. Nf3 Nc6 6. e3 Nf6 7. Be2 Bd6 8.
dxc5 Bxc5 9. O-O O-O 10. a3 a6 11. b4 Ba7 12. Bb2 d4 13. exd4 Nxd4 14. Nxd4
Qxd4 15. Qxd4 Bxd4 16. Rfd1 Be5 17. Bf3 Rb8 18. h3 Be6 1/2-1/2

[Event "Frankfurt Ch 2010"]
[Site "Ffm-Kalbach, LAZ"]
[Date "2010.06.14"]
[Round "7.41"]
[White "Lehmann, Gerit"]
[Black "Weber, Andreas"]
[Result "1/2-1/2"]
[WhiteElo "1486"]
[BlackElo "1895"]
[PlyCount "85"]
[EventDate "2010.??.??"]
[SourceDate "2009.03.13"]
[WhiteTeam "SC 1924 Lampertheim"]
[BlackTeam "Sfr. Frankfurt 1921"]

1. d4 e5 2. c3 e4 3. Qc2 d5 4. Bf4 Bd6 5. Bxd6 Qxd6 6. e3 f5 7. Nd2 Nf6 8. c4
Be6 9. cxd5 Bxd5 10. Bc4 O-O 11. Rc1 Nc6 12. Ne2 Nb4 13. Qc3 Kh8 14. Nf4 g5 15.
Nxd5 Nfxd5 16. Qb3 Nd3+ 17. Bxd3 exd3 18. Qxd3 Rae8 19. Nf3 Nf4 20. Qc3 Qa6 21.
Qc4 Nd3+ 22. Kd2 Nxc1 23. Qxa6 Nb3+ 24. axb3 bxa6 25. Nxg5 f4 26. Nf3 fxe3+ 27.
fxe3 Rb8 28. Kc3 Rg8 29. g3 Rgf8 30. Nd2 Rf2 31. e4 Kg7 32. e5 Kf7 33. Rf1 Rxf1
34. Nxf1 Ke6 35. Ne3 Rf8 36. b4 Rf3 37. Kd3 Rf2 38. h4 Rxb2 39. Kc4 Rb1 40. g4
Rc1+ 41. Kd3 Rb1 42. Kc4 Rc1+ 43. Kd3 1/2-1/2

[Event "Frankfurt Ch 2010"]
[Site "Ffm-Kalbach, LAZ"]
[Date "2010.06.14"]
[Round "7.42"]
[White "Seickel, Ralf"]
[Black "Kletzerman, Simon"]
[Result "1-0"]
[WhiteElo "1720"]
[BlackElo "1541"]
[PlyCount "83"]
[EventDate "2010.??.??"]
[SourceDate "2009.03.13"]
[WhiteTeam "vereinslos"]
[BlackTeam "TuS Makkabi Ffm"]

1. e4 e5 2. Nf3 Nc6 3. Bb5 Nge7 4. Nc3 g6 5. d4 exd4 6. Nd5 Bg7 7. Bg5 h6 8.
Bf6 O-O 9. Bxc6 Bxf6 10. Nxf6+ Kh8 11. Qxd4 Nxc6 12. Qc3 d6 13. Nd7+ Kg8 14.
Nf6+ Kh8 15. Nd7+ Kg8 16. Nxf8 Qxf8 17. O-O-O Be6 18. Kb1 a5 19. Nd4 Nxd4 20.
Qxd4 b5 21. Qf6 a4 22. f4 b4 23. f5 Bxa2+ 24. Kxa2 b3+ 25. Kb1 bxc2+ 26. Kxc2
Qe8 27. Rhe1 a3 28. fxg6 fxg6 29. Ra1 a2 30. Qc3 Ra4 31. Qb3+ Kg7 32. Qc3+ Kg8
33. Qb3+ Kh7 34. Rxa2 Qc6+ 35. Kb1 Rxe4 36. Rc1 Qe8 37. Rxc7+ Re7 38. Raa7 Rxc7
39. Rxc7+ Kh8 40. Qc3+ Qe5 41. Qxe5+ dxe5 42. b4 1-0

[Event "Frankfurt Ch 2010"]
[Site "Ffm-Kalbach, LAZ"]
[Date "2010.06.14"]
[Round "7.43"]
[White "Hartmann, Stephan"]
[Black "Bastian, Holger"]
[Result "0-1"]
[WhiteElo "1406"]
[BlackElo "1717"]
[PlyCount "78"]
[EventDate "2010.??.??"]
[SourceDate "2009.03.13"]
[WhiteTeam "SG Turm Idstein"]
[BlackTeam "SC S.-W. Schweinheim"]

1. e4 d6 2. d4 Nf6 3. Nc3 g6 4. Bb5+ c6 5. Bd3 Bg7 6. Bg5 Nbd7 7. Nf3 b5 8. a3
Rb8 9. O-O h6 10. Be3 a6 11. h3 O-O 12. Qd2 Kh7 13. Nh2 c5 14. f4 cxd4 15. Bxd4
Nc5 16. Rae1 b4 17. axb4 Rxb4 18. Bxc5 dxc5 19. b3 Nh5 20. Nd5 Rb8 21. e5 Ng3
22. Rf3 Nf5 23. Ne3 f6 24. Nxf5 Bxf5 25. Qe2 fxe5 26. fxe5 Qd4+ 27. Kh1 a5 28.
Bxf5 gxf5 29. Rd3 Qf4 30. Nf3 a4 31. bxa4 Qxa4 32. Red1 Rb2 33. R1d2 Rfb8 34.
Rd7 Rb1+ 35. Rd1 Qxd7 36. Rxb1 Rxb1+ 37. Kh2 Qd1 38. Qf2 Qd5 39. Qh4 Bxe5+ 0-1

[Event "Frankfurt Ch 2010"]
[Site "Ffm-Kalbach, LAZ"]
[Date "2010.06.14"]
[Round "7.45"]
[White "Schellen, Sven"]
[Black "Gutacker, Stephan"]
[Result "0-1"]
[WhiteElo "1633"]
[BlackElo "1936"]
[PlyCount "48"]
[EventDate "2010.??.??"]
[SourceDate "2009.03.13"]
[WhiteTeam "Sfr. Frankfurt 1921"]
[BlackTeam "Sfr.1932 Kelkheim"]

1. d4 Nf6 2. Nf3 g6 3. e3 Bg7 4. Bd3 d5 5. Nbd2 O-O 6. O-O Nbd7 7. Re1 c5 8. c3
b6 9. e4 dxe4 10. Nxe4 cxd4 11. Nxd4 Bb7 12. Qf3 Nc5 13. Nxf6+ Bxf6 14. Qg3
Nxd3 15. Rd1 Nxc1 16. Raxc1 Qb8 17. Qh3 Rd8 18. Nc2 Qc7 19. Re1 Qd7 20. Qg3
Rac8 21. h4 Rc4 22. Rcd1 Qxd1 23. Rxd1 Rxd1+ 24. Kh2 Rxh4+ 0-1

[Event "Frankfurt Ch 2010"]
[Site "Ffm-Kalbach, LAZ"]
[Date "2010.06.14"]
[Round "7.46"]
[White "Tews, Artur"]
[Black "Schwabe, Michael"]
[Result "1/2-1/2"]
[WhiteElo "1765"]
[BlackElo "1896"]
[PlyCount "31"]
[EventDate "2010.??.??"]
[SourceDate "2009.03.13"]
[WhiteTeam "Bad Vilbeler Sfr.1985"]
[BlackTeam "Chess Tigers SFV"]

1. c4 c6 2. Nc3 d5 3. e4 dxe4 4. Nxe4 Bf5 5. Qf3 e6 6. Ne2 Nd7 7. N2g3 Bg6 8.
Be2 Ngf6 9. O-O Be7 10. d4 O-O 11. Rd1 Nxe4 12. Nxe4 Nf6 13. Nxf6+ Bxf6 14. Be3
Qa5 15. Bd2 Qf5 16. Bc3 1/2-1/2

[Event "Frankfurt Ch 2010"]
[Site "Ffm-Kalbach, LAZ"]
[Date "2010.06.14"]
[Round "7.47"]
[White "Popp, Matthias"]
[Black "Makilla, Tobias"]
[Result "0-1"]
[WhiteElo "1525"]
[BlackElo "1897"]
[PlyCount "50"]
[EventDate "2010.??.??"]
[SourceDate "2009.03.13"]
[WhiteTeam "SC Bergen-Enkheim 1922"]
[BlackTeam "Sfr.1932 Kelkheim"]

1. d4 d5 2. Nf3 Nc6 3. Bf4 Bf5 4. c3 e6 5. Nbd2 Bd6 6. e3 Bxf4 7. exf4 Nf6 8.
Ne5 O-O 9. g4 Nxe5 10. gxf5 Nc6 11. fxe6 fxe6 12. Qe2 Qd6 13. O-O-O Rae8 14.
Qf3 Nd7 15. Bd3 Qxf4 16. Qh3 Nf6 17. Rhg1 e5 18. Bf5 g6 19. Rg3 Kf7 20. Rdg1
Qxf5 21. Qxf5 gxf5 22. Rg7+ Ke6 23. dxe5 Nxe5 24. Rxc7 Re7 25. Rc5 Nd3+ 0-1

[Event "Frankfurt Ch 2010"]
[Site "Ffm-Kalbach, LAZ"]
[Date "2010.06.14"]
[Round "7.48"]
[White "Lemonidis, Christos"]
[Black "Knott, Tilo"]
[Result "1-0"]
[WhiteElo "1762"]
[BlackElo "1484"]
[PlyCount "87"]
[EventDate "2010.??.??"]
[SourceDate "2009.03.13"]
[WhiteTeam "SC 1961 König Nied"]
[BlackTeam "SC Brett vor'm Kopp Ffm"]

1. Nf3 b6 2. e4 Bb7 3. d3 e6 4. Nbd2 Nf6 5. g3 d6 6. Bg2 Be7 7. O-O Nbd7 8. Re1
e5 9. Nc4 c5 10. Nh4 g6 11. Bh6 b5 12. Bg7 Rg8 13. Bxf6 Nxf6 14. Ne3 Qd7 15.
Nf3 h6 16. Qd2 Nh7 17. Nd5 Bxd5 18. exd5 g5 19. Nxe5 dxe5 20. d6 Bxd6 21. Bxa8
f5 22. c4 b4 23. Qd1 Nf6 24. Qf3 Kf8 25. Qc6 Qd8 26. Bb7 Rg7 27. Qc8 Ke7 28.
Qxd8+ Kxd8 29. Bg2 f4 30. a3 a5 31. axb4 axb4 32. Ra8+ Ke7 33. Rea1 Ke6 34.
R1a6 Rd7 35. Bc6 Rc7 36. Rd8 Ke7 37. Rh8 h5 38. h4 gxh4 39. gxh4 f3 40. Bxf3
Ke6 41. Rh6 Ke7 42. Rxd6 Kxd6 43. Rxf6+ Ke7 44. Rh6 1-0

[Event "Frankfurt Ch 2010"]
[Site "Ffm-Kalbach, LAZ"]
[Date "2010.06.14"]
[Round "7.49"]
[White "Fischer, Lutz"]
[Black "Plattner, Rolf"]
[Result "1-0"]
[WhiteElo "1456"]
[BlackElo "1925"]
[PlyCount "77"]
[EventDate "2010.??.??"]
[SourceDate "2009.03.13"]
[WhiteTeam "Sfr. Frankfurt 1921"]
[BlackTeam "SK Langen"]

1. e4 c5 2. Nf3 d6 3. Bb5+ Bd7 4. Bxd7+ Qxd7 5. O-O g6 6. c3 Bg7 7. d4 cxd4 8.
cxd4 Nc6 9. Be3 Nf6 10. Nc3 O-O 11. h3 Rfd8 12. Qd2 b6 13. d5 Na5 14. b3 Rac8
15. Rac1 Rc7 16. Nd4 Rdc8 17. f3 Ne8 18. Ncb5 Rxc1 19. Rxc1 Rxc1+ 20. Qxc1 a6
21. Na3 b5 22. b4 Bxd4 23. Bxd4 Nb7 24. Bb6 Nf6 25. Qc6 Kf8 26. Nc2 Ke8 27. Nd4
h5 28. Qc1 e6 29. Qg5 Nh7 30. Qh6 Nf8 31. Nc6 exd5 32. exd5 f5 33. Qe3+ Kf7 34.
Bd4 Kg8 35. Qh6 Qh7 36. Qg5 Qf7 37. Ne7+ Kh7 38. Be3 a5 39. Qh6# 1-0

[Event "Frankfurt Ch 2010"]
[Site "Ffm-Kalbach, LAZ"]
[Date "2010.06.14"]
[Round "7.50"]
[White "Larem, Peter"]
[Black "Bock, Mario"]
[Result "1/2-1/2"]
[WhiteElo "1921"]
[BlackElo "1468"]
[PlyCount "79"]
[EventDate "2010.??.??"]
[SourceDate "2009.03.13"]
[WhiteTeam "SC 1950 Eppertshausen"]
[BlackTeam "Sfr. Frankfurt 1921"]

1. e4 c5 2. c3 Nc6 3. d4 cxd4 4. cxd4 d6 5. Nf3 Nf6 6. Nc3 e6 7. Bd3 Be7 8. O-O
O-O 9. Re1 a6 10. a3 Qc7 11. Bg5 h6 12. Bh4 Re8 13. Rc1 Qd8 14. Bb1 Bd7 15. e5
dxe5 16. dxe5 Nh7 17. Qd3 Nf8 18. Bxe7 Qxe7 19. Ne4 Red8 20. Qe3 Bc8 21. Rcd1
Nd7 22. Qd3 Ndxe5 23. Nf6+ Qxf6 24. Qh7+ Kf8 25. Rxd8+ Qxd8 26. Qh8+ Ke7 27.
Qxd8+ Kxd8 28. Nxe5 Nxe5 29. Rxe5 f6 30. Re3 Bd7 31. Kf1 Rc8 32. Ke2 Ke7 33.
Be4 Bc6 34. Bxc6 Rxc6 35. Kd2 e5 36. Rg3 Kf7 37. Rd3 Ke6 38. Rg3 Rc7 39. Kd3
Kf7 40. b3 1/2-1/2